Проскальзывание сверхпроводящей фазы в спиральных структурах; Современные материалы и технологии новых поколений

Bibliografiske detaljer
Parent link:Современные материалы и технологии новых поколений.— 2019.— [С. 355-356]
Hovedforfatter: Смирнова Е. И.
Institution som forfatter: Национальный исследовательский Томский политехнический университет Исследовательская школа физики высокоэнергетических процессов
Andre forfattere: Резаев Р. О. Роман Олегович
Summary:Заглавие с экрана
Sprog:russisk
Udgivet: 2019
Serier:Современные технологии в машиностроении
Fag:
Online adgang:http://earchive.tpu.ru/handle/11683/56935
Format: MixedMaterials Electronisk Book Chapter
KOHA link:https://koha.lib.tpu.ru/cgi-bin/koha/opac-detail.pl?biblionumber=630560

MARC

LEADER 00000naa2a2200000 4500
001 630560
005 20231101133622.0
035 |a (RuTPU)RU\TPU\conf\31659 
035 |a RU\TPU\conf\31655 
090 |a 630560 
100 |a 20191115d2019 k y0rusy50 ca 
101 0 |a rus  |e rus 
102 |a RU 
105 |a y z 101zy 
135 |a drcn ---uucaa 
181 0 |a i  
182 0 |a b 
200 1 |a Проскальзывание сверхпроводящей фазы в спиральных структурах  |f Е. И. Смирнова, Р. О. Резаев 
203 |a Текст  |c электронный 
225 1 |a Современные технологии в машиностроении 
230 |a 1 компьютерный файл (pdf; 690 Кб) 
300 |a Заглавие с экрана 
320 |a [Библиогр.: с. 356 (2 назв.)] 
463 0 |0 (RuTPU)RU\TPU\conf\31468  |t Современные материалы и технологии новых поколений  |o сборник научных трудов II Международного молодежного конгресса, г. Томск, 30 сентября - 5 октября 2019 г.  |f Национальный исследовательский Томский политехнический университет, Инженерная школа новых производственных технологий ; под ред. А. Н. Яковлева [и др.]  |v [С. 355-356]  |d 2019 
610 1 |a электронный ресурс 
610 1 |a труды учёных ТПУ 
610 1 |a сверхпроводящие фазы 
610 1 |a спиральные структуры 
610 1 |a математическое моделирование 
610 1 |a граничные условия 
610 1 |a уравнения Гинзбурга-Ландау 
610 1 |a уравнение Пуассона 
700 1 |a Смирнова  |b Е. И. 
701 1 |a Резаев  |b Р. О.  |c физик  |c доцент Томского политехнического университета, кандидат физико-математических наук  |f 1982-  |g Роман Олегович  |2 stltpush  |3 (RuTPU)RU\TPU\pers\25825 
712 0 2 |a Национальный исследовательский Томский политехнический университет  |b Исследовательская школа физики высокоэнергетических процессов  |c (2017- )  |h 8118  |2 stltpush  |3 (RuTPU)RU\TPU\col\23551 
801 2 |a RU  |b 63413507  |c 20191118  |g RCR 
856 4 |u http://earchive.tpu.ru/handle/11683/56935 
942 |c BK